000 00577cam a22002171 4500
001 sa 66000360
003 DLC
005 20260227112214.0
008 890914s1965 ii 000 0 gujo
010 _asa 66000360
035 _a(OCoLC)20345417
040 _aDLC
_cWaU
_dDLC
042 _apremarc
050 0 0 _aDS479.1.T54
_bM3
100 1 _aMahetā, Raṇachoḍajī Parāgajī.
245 1 0 _aLokamānya Ṭiḷakanā jīvana-prasaṅgo.
260 _c[1965]
300 _a16, 166 p.
_c18 cm.
500 _aIn Gujarati.
600 1 0 _aTilak, Bal Gangadhar,
_d1856-1920.
999 _c67194
_d67194